Manual de estilo de publicaciones de la American Psychological Association : versión abreviada /

Guía de estilo de la American Psychological Association para que los autores de textos científicos relacionados con el área de la psicología escriban de manera eficaz y difundan sus hallazgos de investigación. Algunos de los temas abordados son: elaboración de reseñas, artículos teóricos y empíricos...

ver descrição completa

Na minha lista:
Detalhes bibliográficos
Autor Corporativo: American Psychological Association
Formato: Livro
Idioma:espanhol
Publicado em: México : El Manual Moderno, 2010, c2010
Edição:2a edición
Assuntos:
Tags: Adicionar Tag
Sem tags, seja o primeiro a adicionar uma tag!

MARC

LEADER 00000nam^a2200000^a^4500
001 000343858
005 20250521000000.0
009 20260310114634.168
020 |a 978-607-448-059-7 
037 |a Acervo ITESO - Biblioteca 
041 |a ESP 
082 |a 808. 066150  |b AME ABR 
110 |a American Psychological Association 
240 1 1 |a [Manual de estilo de publicaciones de la American Psychological Association] 
245 1 0 |a Manual de estilo de publicaciones de la American Psychological Association :  |b versión abreviada /  |c APA ; tr. por Miroslava Guerra Frías. 
250 |a 2a edición 
264 4 |a México :  |b El Manual Moderno,  |c 2010, c2010 
300 |a XI, 275 p. 
336 |a texto  |b txt  |2 rdacontenido 
337 |a sin mediación  |b n  |2 rdamedio 
338 |a volumen  |b nc  |2 rdasoporte 
500 |a Traducción de: Concise Rules of APA Style 
520 |a Guía de estilo de la American Psychological Association para que los autores de textos científicos relacionados con el área de la psicología escriban de manera eficaz y difundan sus hallazgos de investigación. Algunos de los temas abordados son: elaboración de reseñas, artículos teóricos y empíricos; puntuación, ortografía, abreviaturas, citas, etc.; preparación del manuscrito por medios tradicionales o electrónicos, revisión editorial y de pruebas, entre otros. 
590 |a Traducción de la 6a edición en inglés 
649 |a XX 
650 |a Psicología -  |x Investigación -  |x Tema Principal 
650 |a Investigación -  |x Informes 
650 |a Ciencia -  |x Difusión 
650 |a Redacción 
650 |a Libros de Estilo -  |x Tema Principal 
650 |a Estilo Editorial 
650 |a Estilo Literario 
650 |a Comunicación Escrita 
650 |a Comunicación Verbal 
910 |a Fondo General 
920 |a Impresos - Libros 
930 |a Obras de Referencia 
940 |a Literatura 
905 |a 102 
901 |a 0500234485  |b IT2  |c REF  |i C141573  |u 20250521 
901 |a 0500234488  |b IT2  |c REF  |i C141574  |u 20250521 
902 |a https://opac.biblio.iteso.mx/vufind/Record/000343858